[Event "DEM U10w 2025"]
[Site "Willingen GER"]
[Date "2025.06.10"]
[Round "4"]
[White "Schaper, Alicia"]
[Black "Staudt, Merle"]
[Result "0-1"]
[Termination "normal"]
[Board "8"]
[WhiteElo "1473"]
[BlackElo "1569"]
[WhiteClock "00:26:27"]
[BlackClock "01:04:42"]
[PlyCount "126"]
[WhiteFideId "533012091"]
[BlackFideId "34631151"]
[EventCountry "GER"]
[EventRounds "9"]
[EventType "swiss"]
[EventDate "2025.06.07"]

1. e4 {[%clk 01:30:58]} c5 {[%clk 01:30:56]} {[%emt 00:00:05]} 2. Nf3 {[%clk
01:31:20]} {[%emt 00:00:08]} e6 {[%clk 01:31:16]} {[%emt 00:00:10]} 3. d4
{[%clk 01:31:43]} {[%emt 00:00:07]} cxd4 {[%clk 01:31:41]} {[%emt 00:00:05]} 4.
Nxd4 {[%clk 01:31:59]} {[%emt 00:00:15]} a6 {[%clk 01:31:56]} {[%emt 00:00:15]}
5. Bd3 {[%clk 01:32:04]} {[%emt 00:00:24]} Qc7 {[%clk 01:32:04]} {[%emt
00:00:22]} 6. O-O {[%clk 01:32:12]} {[%emt 00:00:22]} Nc6 {[%clk 01:32:13]}
{[%emt 00:00:21]} 7. Nxc6 {[%clk 01:32:14]} {[%emt 00:00:28]} Qxc6 {[%clk
01:32:16]} {[%emt 00:00:27]} 8. Nc3 {[%clk 01:32:15]} {[%emt 00:00:30]} b5
{[%clk 01:32:19]} {[%emt 00:00:26]} 9. Be3 {[%clk 01:31:34]} {[%emt 00:01:10]}
Bb7 {[%clk 01:32:09]} {[%emt 00:00:41]} 10. Qe2 {[%clk 01:30:25]} {[%emt
00:01:39]} Nf6 {[%clk 01:31:21]} {[%emt 00:01:18]} 11. Rae1 {[%clk 01:29:03]}
{[%emt 00:01:52]} b4 {[%clk 01:28:50]} {[%emt 00:03:01]} 12. Nb1 {[%clk
01:21:21]} {[%emt 00:08:12]} Nxe4 {[%clk 01:28:45]} {[%emt 00:00:34]} 13. f4
{[%clk 01:16:18]} {[%emt 00:05:34]} Nc5 {[%clk 01:24:28]} {[%emt 00:04:46]} 14.
Bxc5 {[%clk 01:10:43]} {[%emt 00:06:06]} Bxc5+ {[%clk 01:24:42]} {[%emt
00:00:16]} 15. Kh1 {[%clk 01:09:57]} {[%emt 00:01:16]} O-O {[%clk 01:24:18]}
{[%emt 00:00:54]} 16. Nd2 {[%clk 01:02:16]} {[%emt 00:08:12]} Bd4 {[%clk
01:16:49]} {[%emt 00:07:58]} 17. Nc4 {[%clk 00:54:57]} {[%emt 00:07:49]} d6
{[%clk 01:11:34]} {[%emt 00:05:45]} 18. Na5 {[%clk 00:48:04]} {[%emt 00:07:23]}
Qd5 {[%clk 01:09:35]} {[%emt 00:02:30]} 19. Nb3 {[%clk 00:43:26]} {[%emt
00:05:08]} Bxb2 {[%clk 01:07:53]} {[%emt 00:02:11]} 20. Be4 {[%clk 00:41:56]}
{[%emt 00:02:00]} Qxe4 {[%clk 01:07:06]} {[%emt 00:01:18]} 21. Qxe4 {[%clk
00:41:12]} {[%emt 00:01:13]} Bxe4 {[%clk 01:07:30]} {[%emt 00:00:06]} 22. Rxe4
{[%clk 00:41:33]} {[%emt 00:00:09]} Bc3 {[%clk 01:07:30]} {[%emt 00:00:30]} 23.
f5 {[%clk 00:39:36]} {[%emt 00:02:28]} d5 {[%clk 01:03:21]} {[%emt 00:04:38]}
24. Rg4 {[%clk 00:37:04]} {[%emt 00:03:01]} e5 {[%clk 01:01:06]} {[%emt
00:02:46]} 25. Rf3 {[%clk 00:34:52]} {[%emt 00:02:42]} h5 {[%clk 01:00:30]}
{[%emt 00:01:06]} 26. Rg5 {[%clk 00:33:55]} {[%emt 00:01:27]} e4 {[%clk
00:57:14]} {[%emt 00:03:46]} 27. Rh3 {[%clk 00:31:54]} {[%emt 00:02:31]} f6
{[%clk 00:57:10]} {[%emt 00:00:34]} 28. Rgxh5 {[%clk 00:31:49]} {[%emt
00:00:34]} Rae8 {[%clk 00:57:17]} {[%emt 00:00:24]} 29. Rh8+ {[%clk 00:30:36]}
{[%emt 00:01:43]} Kf7 {[%clk 00:57:39]} {[%emt 00:00:08]} 30. R8h7 {[%clk
00:30:37]} {[%emt 00:00:30]} e3 {[%clk 00:57:16]} {[%emt 00:00:53]} 31. Rg3
{[%clk 00:30:29]} {[%emt 00:00:37]} Rg8 {[%clk 00:57:35]} {[%emt 00:00:11]} 32.
Nc1 {[%clk 00:28:11]} {[%emt 00:02:48]} e2 {[%clk 00:57:47]} {[%emt 00:00:18]}
33. Nxe2 {[%clk 00:28:04]} {[%emt 00:00:36]} Rxe2 {[%clk 00:58:08]} {[%emt
00:00:10]} 34. Kg1 {[%clk 00:28:19]} {[%emt 00:00:15]} Rxc2 {[%clk 00:57:30]}
{[%emt 00:01:08]} 35. Rd3 {[%clk 00:28:20]} {[%emt 00:00:29]} Rd2 {[%clk
00:57:33]} {[%emt 00:00:27]} 36. Rf3 {[%clk 00:27:48]} {[%emt 00:01:02]} Re8
{[%clk 00:57:10]} {[%emt 00:00:54]} 37. Rf1 {[%clk 00:26:35]} {[%emt 00:01:42]}
Bd4+ {[%clk 00:57:09]} {[%emt 00:00:31]} 38. Kh1 {[%clk 00:26:37]} {[%emt
00:00:27]} Rde2 {[%clk 00:57:08]} {[%emt 00:00:31]} 39. g3 {[%clk 00:26:30]}
{[%emt 00:00:37]} Re1 {[%clk 00:57:14]} {[%emt 00:00:26]} 40. Rxe1 {[%clk
00:26:35]} {[%emt 00:00:24]} Rxe1+ {[%clk 00:57:32]} {[%emt 00:00:11]} 41. Kg2
{[%clk 00:26:48]} {[%emt 00:00:18]} Re2+ {[%clk 00:57:51]} {[%emt 00:00:11]}
42. Kf3 {[%clk 00:27:03]} {[%emt 00:00:15]} Rxa2 {[%clk 00:58:14]} {[%emt
00:00:07]} 43. Kg4 {[%clk 00:26:43]} {[%emt 00:00:50]} b3 {[%clk 00:58:30]}
{[%emt 00:00:14]} 44. Rh8 {[%clk 00:26:58]} {[%emt 00:00:14]} Be5 {[%clk
00:58:40]} {[%emt 00:00:21]} 45. Ra8 {[%clk 00:26:52]} {[%emt 00:00:36]} b2
{[%clk 00:59:04]} {[%emt 00:00:07]} 46. Ra7+ {[%clk 00:26:59]} {[%emt
00:00:23]} Ke8 {[%clk 00:59:09]} {[%emt 00:01:05]} 47. Ra8+ {[%clk 00:27:04]}
{[%emt 00:00:25]} Kd7 {[%clk 00:59:32]} {[%emt 00:00:07]} 48. Ra7+ {[%clk
00:27:19]} {[%emt 00:00:14]} Bc7 {[%clk 00:59:50]} {[%emt 00:00:12]} 49. Rb7
{[%clk 00:27:17]} {[%emt 00:00:32]} Kc6 {[%clk 01:00:14]} {[%emt 00:00:05]} 50.
Rb3 {[%clk 00:27:05]} {[%emt 00:00:42]} Be5 {[%clk 01:00:38]} {[%emt 00:00:07]}
51. Kh4 {[%clk 00:26:40]} {[%emt 00:00:54]} Ra1 {[%clk 01:01:03]} {[%emt
00:00:06]} 52. h3 {[%clk 00:26:37]} {[%emt 00:00:33]} b1=Q {[%clk 01:01:17]}
{[%emt 00:00:07]} 53. Rxb1 {[%clk 00:26:56]} {[%emt 00:00:19]} Rxb1 {[%clk
01:01:42]} {[%emt 00:00:05]} 54. g4 {[%clk 00:27:12]} {[%emt 00:00:14]} d4
{[%clk 01:01:58]} {[%emt 00:00:14]} 55. g5 {[%clk 00:26:57]} {[%emt 00:00:45]}
d3 {[%clk 01:02:06]} {[%emt 00:00:24]} 56. Kh5 {[%clk 00:26:32]} {[%emt
00:00:54]} fxg5 {[%clk 01:02:22]} {[%emt 00:00:14]} 57. Kxg5 {[%clk 00:26:51]}
{[%emt 00:00:11]} d2 {[%clk 01:02:47]} {[%emt 00:00:05]} 58. Kg6 {[%clk
00:26:09]} {[%emt 00:01:12]} d1=Q {[%clk 01:03:00]} {[%emt 00:00:17]} 59. h4
{[%clk 00:26:07]} {[%emt 00:00:32]} Qg4 {[%clk 01:03:24]} {[%emt 00:00:06]} 60.
Kf7 {[%clk 00:26:00]} {[%emt 00:00:36]} Qxf5+ {[%clk 01:03:45]} {[%emt
00:00:09]} 61. Ke7 {[%clk 00:26:15]} {[%emt 00:00:58]} Rb7+ {[%clk 01:04:07]}
{[%emt 00:00:09]} 62. Ke8 {[%clk 00:26:20]} {[%emt 00:00:24]} Qd7+ {[%clk
01:04:19]} {[%emt 00:00:18]} 63. Kf8 {[%clk 00:26:27]} {[%emt 00:00:23]} Qf7#
{[%clk 01:04:42]} {[%emt 00:00:07]} 0-1

[Event "DEM U10w 2025"]
[Site "Willingen GER"]
[Date "2025.06.10"]
[Round "4"]
[White "Helbig, Frieda"]
[Black "Kotliarova, Emily"]
[Result "1/2-1/2"]
[Termination "normal"]
[Board "9"]
[WhiteElo "1449"]
[BlackElo "1480"]
[WhiteClock "00:20:55"]
[BlackClock "00:20:22"]
[PlyCount "82"]
[WhiteFideId "533010161"]
[BlackFideId "34694390"]
[EventCountry "GER"]
[EventRounds "9"]
[EventType "swiss"]
[EventDate "2025.06.07"]

1. d4 {[%clk 01:30:53]} {[%emt 00:00:06]} f5 {[%clk 01:30:53]} {[%emt
00:00:07]} 2. Bf4 {[%clk 01:30:59]} {[%emt 00:00:23]} Nf6 {[%clk 01:31:16]}
{[%emt 00:00:08]} 3. e3 {[%clk 01:30:36]} {[%emt 00:00:52]} d6 {[%clk
01:31:38]} {[%emt 00:00:08]} 4. h3 {[%clk 01:30:51]} {[%emt 00:00:15]} g6
{[%clk 01:31:57]} {[%emt 00:00:13]} 5. Nf3 {[%clk 01:31:08]} {[%emt 00:00:11]}
Bg7 {[%clk 01:32:21]} {[%emt 00:00:07]} 6. Be2 {[%clk 01:31:00]} {[%emt
00:00:37]} O-O {[%clk 01:32:41]} {[%emt 00:00:10]} 7. O-O {[%clk 01:31:11]}
{[%emt 00:00:19]} Nc6 {[%clk 01:32:46]} {[%emt 00:00:26]} 8. c4 {[%clk
01:28:37]} {[%emt 00:03:04]} Qe8 {[%clk 01:29:32]} {[%emt 00:03:44]} 9. Nc3
{[%clk 01:27:29]} {[%emt 00:01:38]} e5 {[%clk 01:23:32]} {[%emt 00:06:30]} 10.
Bh2 {[%clk 01:22:53]} {[%emt 00:05:03]} e4 {[%clk 01:22:04]} {[%emt 00:02:00]}
11. Nd2 {[%clk 01:21:22]} {[%emt 00:02:01]} a5 {[%clk 01:20:34]} {[%emt
00:02:01]} 12. a4 {[%clk 01:19:47]} {[%emt 00:02:05]} Bd7 {[%clk 01:18:24]}
{[%emt 00:02:40]} 13. Nb3 {[%clk 01:18:32]} {[%emt 00:01:45]} Kh8 {[%clk
01:11:59]} {[%emt 00:06:55]} 14. c5 {[%clk 01:14:30]} {[%emt 00:04:31]} dxc5
{[%clk 01:01:42]} {[%emt 00:10:47]} 15. Nxc5 {[%clk 01:13:20]} {[%emt
00:01:40]} b6 {[%clk 00:56:15]} {[%emt 00:05:58]} 16. Nxd7 {[%clk 01:12:45]}
{[%emt 00:01:05]} Qxd7 {[%clk 00:56:32]} {[%emt 00:00:13]} 17. Bb5 {[%clk
01:09:39]} {[%emt 00:03:35]} Nd5 {[%clk 00:50:38]} {[%emt 00:06:25]} 18. Nxd5
{[%clk 01:08:40]} {[%emt 00:01:29]} Qxd5 {[%clk 00:50:45]} {[%emt 00:00:22]}
19. Rc1 {[%clk 01:05:12]} {[%emt 00:03:57]} Na7 {[%clk 00:48:03]} {[%emt
00:03:13]} 20. Bc4 {[%clk 01:01:00]} {[%emt 00:04:41]} Qd7 {[%clk 00:47:33]}
{[%emt 00:00:57]} 21. Bb3 {[%clk 01:00:00]} {[%emt 00:01:34]} c6 {[%clk
00:46:23]} {[%emt 00:01:41]} 22. Qc2 {[%clk 00:51:54]} {[%emt 00:08:35]} Bf6
{[%clk 00:44:05]} {[%emt 00:02:48]} 23. Qc4 {[%clk 00:46:48]} {[%emt 00:05:35]}
b5 {[%clk 00:41:31]} {[%emt 00:03:05]} 24. Qe6 {[%clk 00:42:32]} {[%emt
00:04:43]} Qxe6 {[%clk 00:40:24]} {[%emt 00:01:40]} 25. Bxe6 {[%clk 00:42:51]}
{[%emt 00:00:11]} bxa4 {[%clk 00:39:14]} {[%emt 00:01:41]} 26. Rc5 {[%clk
00:40:58]} {[%emt 00:02:22]} Rfe8 {[%clk 00:33:52]} {[%emt 00:05:51]} 27. Ba2
{[%clk 00:39:28]} {[%emt 00:02:00]} Kg7 {[%clk 00:31:29]} {[%emt 00:02:53]} 28.
Rxa5 {[%clk 00:37:57]} {[%emt 00:02:02]} Nb5 {[%clk 00:31:18]} {[%emt
00:00:42]} 29. Rxa8 {[%clk 00:37:29]} {[%emt 00:00:57]} Rxa8 {[%clk 00:31:40]}
{[%emt 00:00:09]} 30. Rc1 {[%clk 00:34:28]} {[%emt 00:03:27]} Ra6 {[%clk
00:31:20]} {[%emt 00:00:54]} 31. Rc4 {[%clk 00:33:08]} {[%emt 00:01:46]} Kf8
{[%clk 00:27:59]} {[%emt 00:03:55]} 32. Bf4 {[%clk 00:30:24]} {[%emt 00:03:12]}
Kg7 {[%clk 00:28:12]} {[%emt 00:00:19]} 33. g4 {[%clk 00:28:39]} {[%emt
00:02:14]} Be7 {[%clk 00:25:37]} {[%emt 00:02:59]} 34. Be5+ {[%clk 00:26:30]}
{[%emt 00:02:45]} Bf6 {[%clk 00:25:57]} {[%emt 00:00:11]} 35. f4 {[%clk
00:25:00]} {[%emt 00:01:59]} h6 {[%clk 00:23:43]} {[%emt 00:02:44]} 36. g5
{[%clk 00:24:00]} {[%emt 00:01:29]} Bxe5 {[%clk 00:23:15]} {[%emt 00:00:59]}
37. dxe5 {[%clk 00:24:16]} {[%emt 00:00:14]} hxg5 {[%clk 00:23:10]} {[%emt
00:00:36]} 38. fxg5 {[%clk 00:24:33]} {[%emt 00:00:12]} Kf8 {[%clk 00:22:52]}
{[%emt 00:00:47]} 39. Kf2 {[%clk 00:23:54]} {[%emt 00:01:09]} Ke7 {[%clk
00:22:56]} {[%emt 00:00:27]} 40. Kg3 {[%clk 00:23:30]} {[%emt 00:00:53]} Nc7
{[%clk 00:22:22]} {[%emt 00:01:05]} 41. Rb4 {[%clk 00:20:55]} {[%emt 00:03:01]}
Nb5 {[%clk 00:20:22]} {[%emt 00:02:32]} 1/2-1/2

[Event "DEM U10w 2025"]
[Site "Willingen GER"]
[Date "2025.06.10"]
[Round "4"]
[White "Dimkova, Anna"]
[Black "Rose, Malina Rita"]
[Result "1/2-1/2"]
[Termination "normal"]
[Board "10"]
[WhiteElo "1037"]
[BlackElo "1549"]
[WhiteClock "00:48:50"]
[BlackClock "00:52:43"]
[PlyCount "45"]
[WhiteFideId "533043531"]
[BlackFideId "34665749"]
[EventCountry "GER"]
[EventRounds "9"]
[EventType "swiss"]
[EventDate "2025.06.07"]

1. e4 {[%clk 01:30:57]} {[%emt 00:00:02]} e6 {[%clk 01:30:54]} {[%emt
00:00:06]} 2. d4 {[%clk 01:31:15]} {[%emt 00:00:12]} d5 {[%clk 01:31:19]}
{[%emt 00:00:05]} 3. exd5 {[%clk 01:31:21]} {[%emt 00:00:23]} exd5 {[%clk
01:31:40]} {[%emt 00:00:09]} 4. Bd3 {[%clk 01:31:34]} {[%emt 00:00:17]} Bd6
{[%clk 01:31:51]} {[%emt 00:00:20]} 5. Nf3 {[%clk 01:31:44]} {[%emt 00:00:19]}
Ne7 {[%clk 01:32:09]} {[%emt 00:00:12]} 6. Bg5 {[%clk 01:31:08]} {[%emt
00:01:06]} f6 {[%clk 01:32:24]} {[%emt 00:00:16]} 7. Bh4 {[%clk 01:31:15]}
{[%emt 00:00:22]} O-O {[%clk 01:32:38]} {[%emt 00:00:16]} 8. O-O {[%clk
01:31:25]} {[%emt 00:00:20]} Bf5 {[%clk 01:32:46]} {[%emt 00:00:23]} 9. Re1
{[%clk 01:29:48]} {[%emt 00:02:05]} Nd7 {[%clk 01:27:19]} {[%emt 00:05:58]} 10.
Qe2 {[%clk 01:26:17]} {[%emt 00:04:00]} Re8 {[%clk 01:23:29]} {[%emt 00:04:21]}
11. c3 {[%clk 01:24:46]} {[%emt 00:01:59]} Bxd3 {[%clk 01:20:19]} {[%emt
00:03:42]} 12. Qxd3 {[%clk 01:24:42]} {[%emt 00:00:31]} Ng6 {[%clk 01:19:47]}
{[%emt 00:01:05]} 13. Nbd2 {[%clk 01:24:21]} {[%emt 00:00:49]} c6 {[%clk
01:12:36]} {[%emt 00:07:43]} 14. Bg3 {[%clk 01:21:53]} {[%emt 00:02:57]} Qc7
{[%clk 01:09:30]} {[%emt 00:03:37]} 15. Re3 {[%clk 01:15:42]} {[%emt 00:06:40]}
Re7 {[%clk 01:03:23]} {[%emt 00:06:38]} 16. Rae1 {[%clk 01:14:43]} {[%emt
00:01:08]} Rae8 {[%clk 01:00:50]} {[%emt 00:03:24]} 17. c4 {[%clk 01:11:08]}
{[%emt 00:04:05]} Bxg3 {[%clk 00:59:45]} {[%emt 00:01:36]} 18. fxg3 {[%clk
01:11:04]} {[%emt 00:00:33]} Nb6 {[%clk 00:59:29]} {[%emt 00:00:45]} 19. c5
{[%clk 01:08:10]} {[%emt 00:03:26]} Nd7 {[%clk 00:58:23]} {[%emt 00:01:37]} 20.
b4 {[%clk 01:04:11]} {[%emt 00:04:29]} b6 {[%clk 00:54:34]} {[%emt 00:04:20]}
21. cxb6 {[%clk 00:58:49]} {[%emt 00:05:49]} Nxb6 {[%clk 00:52:31]} {[%emt
00:02:34]} 22. Rxe7 {[%clk 00:54:49]} {[%emt 00:04:30]} Rxe7 {[%clk 00:52:43]}
{[%emt 00:00:18]} 23. b5 {[%clk 00:48:50]} {[%emt 00:05:36]} 1/2-1/2

[Event "DEM U10w 2025"]
[Site "Willingen GER"]
[Date "2025.06.10"]
[Round "4"]
[White "Winkler, Anni"]
[Black "Classen, Meara"]
[Result "0-1"]
[Termination "normal"]
[Board "11"]
[WhiteElo "1659"]
[BlackElo "1459"]
[WhiteClock "00:01:48"]
[BlackClock "00:16:10"]
[PlyCount "74"]
[WhiteFideId "34622349"]
[BlackFideId "34626956"]
[EventCountry "GER"]
[EventRounds "9"]
[EventType "swiss"]
[EventDate "2025.06.07"]

1. d4 {[%clk 01:30:41]} {[%emt 00:00:18]} Nf6 {[%clk 01:30:52]} {[%emt
00:00:09]} 2. Nf3 {[%clk 01:29:45]} {[%emt 00:01:26]} e6 {[%clk 01:30:45]}
{[%emt 00:00:38]} 3. c4 {[%clk 01:26:35]} {[%emt 00:03:39]} d5 {[%clk
01:30:45]} {[%emt 00:00:30]} 4. Nc3 {[%clk 01:25:32]} {[%emt 00:01:33]} Bb4
{[%clk 01:30:47]} {[%emt 00:00:26]} 5. Bd2 {[%clk 01:19:00]} {[%emt 00:07:05]}
O-O {[%clk 01:26:52]} {[%emt 00:04:25]} 6. Qc2 {[%clk 01:15:13]} {[%emt
00:04:12]} b6 {[%clk 01:23:29]} {[%emt 00:03:59]} 7. a3 {[%clk 01:00:15]}
{[%emt 00:15:27]} Bxc3 {[%clk 01:22:20]} {[%emt 00:01:39]} 8. Bxc3 {[%clk
00:57:59]} {[%emt 00:02:46]} Ne4 {[%clk 01:17:03]} {[%emt 00:05:48]} 9. e3
{[%clk 00:51:47]} {[%emt 00:06:42]} Nxc3 {[%clk 01:14:44]} {[%emt 00:02:48]}
10. Qxc3 {[%clk 00:52:06]} {[%emt 00:00:12]} Nd7 {[%clk 01:14:31]} {[%emt
00:00:43]} 11. Bd3 {[%clk 00:50:52]} {[%emt 00:01:43]} Nf6 {[%clk 01:13:24]}
{[%emt 00:01:35]} 12. Qc2 {[%clk 00:50:52]} {[%emt 00:00:31]} Ba6 {[%emt
00:04:55]} 13. Ne5 {[%clk 00:50:26]} c5 {[%clk 01:08:00]} {[%emt 00:02:26]} 14.
dxc5 {[%clk 00:45:08]} {[%emt 00:05:48]} bxc5 {[%clk 01:06:47]} {[%emt
00:01:42]} 15. cxd5 {[%clk 00:43:25]} {[%emt 00:02:14]} Bxd3 {[%clk 01:04:42]}
{[%emt 00:02:35]} 16. Nxd3 {[%clk 00:37:54]} {[%emt 00:06:01]} Qxd5 {[%clk
01:01:35]} {[%emt 00:03:35]} 17. Nf4 {[%clk 00:36:57]} {[%emt 00:01:23]} Qc6
{[%clk 00:58:27]} {[%emt 00:03:37]} 18. O-O {[%clk 00:36:06]} {[%emt 00:01:27]}
Rab8 {[%clk 00:54:26]} {[%emt 00:04:32]} 19. Rac1 {[%clk 00:34:40]} {[%emt
00:01:55]} Qb6 {[%clk 00:53:06]} {[%emt 00:01:49]} 20. Nd3 {[%clk 00:32:52]}
{[%emt 00:02:16]} Nd7 {[%clk 00:49:49]} {[%emt 00:03:50]} 21. Qb1 {[%clk
00:21:44]} {[%emt 00:11:39]} Rfc8 {[%clk 00:44:45]} {[%emt 00:05:34]} 22. Rc2
{[%clk 00:14:40]} {[%emt 00:07:34]} c4 {[%clk 00:40:50]} {[%emt 00:04:26]} 23.
Nb4 {[%clk 00:13:39]} {[%emt 00:01:25]} a5 {[%clk 00:37:14]} {[%emt 00:04:12]}
24. Na2 {[%clk 00:13:13]} {[%emt 00:00:55]} Nf6 {[%clk 00:33:57]} {[%emt
00:03:48]} 25. Rfc1 {[%clk 00:11:40]} {[%emt 00:01:58]} h6 {[%clk 00:32:31]}
{[%emt 00:02:01]} 26. b4 {[%clk 00:07:10]} {[%emt 00:04:59]} Qb5 {[%clk
00:29:11]} {[%emt 00:03:41]} 27. Nc3 {[%clk 00:03:43]} {[%emt 00:04:01]} Qa6
{[%clk 00:21:34]} {[%emt 00:08:07]} 28. Na2 {[%clk 00:01:07]} {[%emt 00:03:11]}
axb4 {[%clk 00:20:27]} {[%emt 00:01:38]} 29. axb4 {[%clk 00:01:23]} {[%emt
00:00:14]} Qb5 {[%clk 00:19:13]} {[%emt 00:01:43]} 30. Rb2 {[%clk 00:01:07]}
{[%emt 00:00:46]} Nd7 {[%clk 00:17:57]} {[%emt 00:01:44]} 31. Rc3 {[%clk
00:00:53]} {[%emt 00:00:47]} Ne5 {[%clk 00:16:59]} {[%emt 00:01:27]} 32. Kh1
{[%clk 00:00:38]} {[%emt 00:00:46]} Nd3 {[%clk 00:17:04]} {[%emt 00:00:24]} 33.
Rd2 {[%clk 00:00:40]} {[%emt 00:00:29]} Nxb4 {[%clk 00:16:39]} {[%emt
00:00:55]} 34. Nxb4 {[%clk 00:00:54]} {[%emt 00:00:16]} Qxb4 {[%clk 00:16:56]}
{[%emt 00:00:12]} 35. Qc2 {[%clk 00:01:13]} {[%emt 00:00:11]} Rd8 {[%clk
00:16:00]} {[%emt 00:01:27]} 36. Rxd8+ {[%clk 00:01:28]} {[%emt 00:00:15]} Rxd8
{[%clk 00:16:18]} {[%emt 00:00:12]} 37. Rxc4 {[%clk 00:01:48]} {[%emt
00:00:10]} Qe1# {[%clk 00:16:10]} {[%emt 00:00:07]} 0-1

[Event "DEM U10w 2025"]
[Site "Willingen GER"]
[Date "2025.06.10"]
[Round "4"]
[White "Goyush, Shams"]
[Black "Bacakova, Johanna"]
[Result "1-0"]
[Termination "normal"]
[Board "12"]
[WhiteElo "1132"]
[BlackElo "1444"]
[WhiteClock "00:25:14"]
[BlackClock "00:01:48"]
[PlyCount "85"]
[WhiteFideId "533030855"]
[BlackFideId "533006849"]
[EventCountry "GER"]
[EventRounds "9"]
[EventType "swiss"]
[EventDate "2025.06.07"]

1. e4 {[%clk 01:30:57]} {[%emt 00:00:02]} c5 {[%clk 01:30:53]} {[%emt
00:00:08]} 2. c3 {[%clk 01:31:20]} {[%emt 00:00:07]} d5 {[%clk 01:31:11]}
{[%emt 00:00:12]} 3. e5 {[%clk 01:31:33]} {[%emt 00:00:17]} Nc6 {[%clk
01:30:48]} {[%emt 00:00:54]} 4. d4 {[%clk 01:31:44]} {[%emt 00:00:18]} e6
{[%clk 01:25:37]} {[%emt 00:05:42]} 5. Nf3 {[%clk 01:31:06]} {[%emt 00:01:07]}
cxd4 {[%clk 01:23:50]} {[%emt 00:02:17]} 6. cxd4 {[%clk 01:30:41]} {[%emt
00:00:56]} Bb4+ {[%clk 01:17:54]} {[%emt 00:06:26]} 7. Bd2 {[%clk 01:31:02]}
{[%emt 00:00:08]} Nge7 {[%clk 01:15:06]} {[%emt 00:03:18]} 8. Bxb4 {[%clk
01:30:10]} {[%emt 00:01:08]} Nxb4 {[%clk 01:13:32]} {[%emt 00:02:18]} 9. Qa4+
{[%clk 01:27:58]} {[%emt 00:02:40]} Nbc6 {[%clk 01:11:40]} {[%emt 00:02:24]}
10. Bd3 {[%clk 01:25:09]} {[%emt 00:03:19]} O-O {[%clk 01:05:12]} {[%emt
00:06:58]} 11. O-O {[%clk 01:23:06]} {[%emt 00:02:33]} Bd7 {[%clk 01:01:27]}
{[%emt 00:04:15]} 12. Nc3 {[%clk 01:20:01]} {[%emt 00:03:34]} Nxe5 {[%clk
00:56:00]} {[%emt 00:05:58]} 13. Qd1 {[%clk 01:17:54]} {[%emt 00:02:36]} Nxd3
{[%clk 00:53:05]} {[%emt 00:03:26]} 14. Qxd3 {[%clk 01:18:01]} {[%emt
00:00:23]} Ng6 {[%clk 00:51:52]} {[%emt 00:01:43]} 15. Rac1 {[%clk 01:14:21]}
{[%emt 00:04:10]} Qf6 {[%clk 00:49:05]} {[%emt 00:03:18]} 16. Rfe1 {[%clk
01:07:37]} {[%emt 00:07:12]} Rfe8 {[%clk 00:48:09]} {[%emt 00:01:28]} 17. Rcd1
{[%clk 00:59:58]} {[%emt 00:08:08]} Nf4 {[%clk 00:38:21]} {[%emt 00:10:17]} 18.
Qd2 {[%clk 00:48:30]} {[%emt 00:11:58]} Qf5 {[%clk 00:33:40]} {[%emt 00:05:10]}
19. Re5 {[%clk 00:47:23]} {[%emt 00:01:38]} Qg4 {[%clk 00:29:11]} {[%emt
00:04:58]} 20. Rg5 {[%clk 00:46:50]} {[%emt 00:01:03]} Nh3+ {[%clk 00:28:59]}
{[%emt 00:00:41]} 21. Kf1 {[%clk 00:46:51]} {[%emt 00:00:28]} Nxg5 {[%clk
00:28:51]} {[%emt 00:00:39]} 22. Nxg5 {[%clk 00:45:24]} {[%emt 00:01:57]} Rac8
{[%clk 00:26:36]} {[%emt 00:02:46]} 23. Nf3 {[%clk 00:44:48]} {[%emt 00:01:05]}
f6 {[%clk 00:24:24]} {[%emt 00:02:42]} 24. h3 {[%clk 00:43:34]} {[%emt
00:01:44]} Qh5 {[%emt 00:05:17]} 25. Ne2 {[%clk 00:41:08]} {[%emt 00:00:06]}
Bb5 {[%clk 00:17:37]} {[%emt 00:05:20]} 26. Kg1 {[%clk 00:40:21]} {[%emt
00:01:17]} g5 {[%clk 00:12:10]} {[%emt 00:05:57]} 27. Ng3 {[%clk 00:39:09]}
{[%emt 00:01:41]} Qg6 {[%clk 00:10:06]} {[%emt 00:02:34]} 28. h4 {[%clk
00:30:43]} {[%emt 00:08:57]} Rc2 {[%clk 00:08:58]} {[%emt 00:01:37]} 29. Qe3
{[%clk 00:30:19]} {[%emt 00:00:55]} g4 {[%clk 00:06:39]} {[%emt 00:02:49]} 30.
h5 {[%clk 00:29:23]} {[%emt 00:01:26]} Qf7 {[%clk 00:04:33]} {[%emt 00:02:35]}
31. Nh2 {[%clk 00:28:51]} {[%emt 00:00:59]} e5 {[%clk 00:02:37]} {[%emt
00:02:30]} 32. Nxg4 {[%clk 00:27:04]} {[%emt 00:02:17]} exd4 {[%clk 00:01:49]}
{[%emt 00:01:18]} 33. Qb3 {[%clk 00:24:25]} {[%emt 00:03:03]} Rc5 {[%clk
00:01:29]} {[%emt 00:00:57]} 34. Nh6+ {[%clk 00:24:45]} {[%emt 00:00:09]} Kg7
{[%clk 00:01:32]} {[%emt 00:00:27]} 35. Ngf5+ {[%clk 00:24:47]} {[%emt
00:00:27]} Kf8 {[%clk 00:01:39]} {[%emt 00:00:24]} 36. Nxf7 {[%clk 00:25:02]}
{[%emt 00:00:16]} Kxf7 {[%clk 00:01:56]} {[%emt 00:00:13]} 37. Nd6+ {[%clk
00:24:53]} {[%emt 00:00:39]} Ke7 {[%clk 00:02:06]} {[%emt 00:00:20]} 38. Nxe8
{[%clk 00:25:02]} {[%emt 00:00:21]} Kxe8 {[%clk 00:02:24]} {[%emt 00:00:12]}
39. Rxd4 {[%clk 00:25:11]} {[%emt 00:00:21]} Bc6 {[%clk 00:02:12]} {[%emt
00:00:41]} 40. Qe3+ {[%clk 00:25:22]} {[%emt 00:00:20]} Kf7 {[%clk 00:02:07]}
{[%emt 00:00:35]} 41. Qh6 {[%clk 00:25:21]} {[%emt 00:00:30]} Bd7 {[%clk
00:01:33]} {[%emt 00:01:05]} 42. Qxh7+ {[%clk 00:25:40]} {[%emt 00:00:11]} Ke6
{[%clk 00:01:48]} {[%emt 00:00:15]} 43. f4 {[%clk 00:25:14]} {[%emt 00:00:56]}
1-0